|
|
|
|
| LEADER |
01173nam a2200325 4500 |
| 001 |
DLU140164861 |
| 005 |
##20141024 |
| 020 |
# |
# |
|a 9786045015186
|
| 040 |
# |
# |
|a DLU
|b vie
|
| 041 |
# |
# |
|a vie
|
| 044 |
# |
# |
|a vn
|
| 082 |
# |
# |
|a 393.9
|b TU-N
|
| 100 |
# |
# |
|a Tuấn Nghĩa.
|
| 245 |
# |
# |
|a Nghi lễ tang ma của người Hà Nhì ở Lào Cai /
|c Tuấn Nghĩa.
|
| 260 |
# |
# |
|a H. :
|b Văn hoá-Thông tin,
|c 2014.
|
| 300 |
# |
# |
|a 203 tr. :
|b minh hoạ ;
|c 21 cm.
|
| 504 |
# |
# |
|a Tài liệu tham khảo: tr.197.
|
| 505 |
# |
# |
|a Chương I. Điều kiện tự nhiên và xã hội của người Hà Nhì ở Lào Cai -- Chương II. Một số quan niệm về thế giới sau khi chết và tang ma truyền thống của người Hà Nhì đen ở Lào Cai -- Chương III. Các nghi lễ trong tang ma truyền thống người Hà Nhì ở Lào Cai.
|
| 650 |
# |
# |
|a Hà Nhì(Dân tộc Việt Nam)
|z Việt Nam
|x Tang lễ và nghi thức.
|
| 923 |
# |
# |
|a 04/2014
|
| 991 |
# |
# |
|a SH
|
| 992 |
# |
# |
|a 8200
|
| 994 |
# |
# |
|a DLU
|
| 900 |
# |
# |
|a True
|
| 911 |
# |
# |
|a Đào Thị Thu Huyền
|
| 925 |
# |
# |
|a G
|
| 926 |
# |
# |
|a A
|
| 927 |
# |
# |
|a SH
|
| 980 |
# |
# |
|a Thư viện Trường Đại học Đà Lạt
|